000 01121nmm a2200313 a 4500
001 ocm0002016184
003 TR-IsHL
005 20201028175146.0
008 181016s2018 tu tur
007 cr cn
020 _a978­605­9241434
035 _a2016184
_b(N$T)
050 0 4 _aPL248.M848
_bG6 2018
090 0 4 _aPL248.M848
_bG6 2018
100 1 _aMüftüoğlu, Ahmet Hikmet
245 1 0 _aGönül hanım
_h[electronic resource] /
_cAhmet Hikmet Müftüoğlu ; Hazırlayan Dr. ­Fethî ­Tevetoğlu; Genel­Ya­yın ­Yö­net­men­i ­Ah­met­ Nu­ri­ Yük­sel
250 _a3. Basım
260 _aİstanbul :
_bBilge Kültür Sanat Yayınları,
_c2018
300 _a144 p.
500 _aBiblografya var.
_xTürk Klasikler
650 4 _aDil ve Edebiyat
650 4 _aLanguage and Literature
650 0 _aTürk romanı
650 0 _aTurkish fction
650 7 _aLITERARY COLLECTIONS / Middle Eastern
_2bisacsh
700 1 _aTevetoğlu, Fatih
700 1 _aYüksel, Ahmet Nuri
856 4 0 _uhttp://search.ebscohost.com/login.aspx?direct=true&scope=site&db=e011xww&AN=2016184
999 _c18536
_d18536